000 00721nam a2200217 i 4500
001 115638
003 ES-MaACL
005 20250902063342.0
007 t|
008 070419s1963 sp ||||1| spa d
080 _a347.725(46)"19"
100 1 _aNgo Ba Thanh.
_985522
245 1 3 _aLa sociedad anónima familiar ante la ley española de 1951 /
_cpor Ngo Ba Thanh ; prólogo Antonio Polo Diez.
260 _aBarcelona :
_bEdit. Hispano-Europea,
_c[1963]
300 _aXXXIII, 265 p. ;
_c21 cm.
600 1 4 _aPolo Díez, Antonio.
_992876
650 1 4 _aSociedades anónimas-
_zEspaña.
_917183
650 1 4 _aEmpresas familiares-
_zEspaña
_912230
852 _aES-MaACL
_jC-24640
_bR.52863
999 _c115638
_d115638